000 00365nam a2200133Ia 4500
005 20260328101515.0
008 260328s9999||||xx |||||||||||||| ||und||
100 _aHardless, Trevor
245 0 _aHousing :
_b Europrefab Systems handBook /
_cTrevor Hardless
260 _bInterbuild Prefabrication
300 _a210 p.
650 _aMEDIDAS Y DIMENSIONES
942 _cBK
999 _c9350
_d9350